LEADER 01396nam0-2200433---450- 001 990001050360203316 005 20091214090442.0 010 $a88-14-05584-X 035 $a0105036 035 $aUSA010105036 035 $a(ALEPH)000105036USA01 035 $a0105036 100 $a20020321d1996----km-y0ITAy01------ba 101 $aita 102 $aIT 105 $a00||| 200 1 $a<> diritto alla protezione civile$fdi Vincenzo Pepe 210 $aMilano$cGiuffrè$d[1996] 215 $aXIV, 309 p.$d23 cm 225 2 $aQuaderni della Rivista giuridica dell'ambiente$v7 300 $aSegue: Appendice 410 0$12001$aQuaderni della rivista giuridica dell'ambiente$v2 606 $aProtezione civile$xLegislazione 676 $a344.450534 700 1$aPEPE,$bVincenzo$0528717 801 0$aIT$bsalbc$gISBD 912 $a990001050360203316 951 $aXXIV.3. Coll. 3/ 7 (COLL. HMK 7)$b9889 G$cXXIV.3. Coll. 3/ 7 (COLL. HMK)$d00249400 959 $aBK 969 $aGIU 979 $aPATTY$b90$c20020321$lUSA01$h1118 979 $aPATTY$b90$c20020321$lUSA01$h1119 979 $c20020403$lUSA01$h1745 979 $aPATRY$b90$c20040406$lUSA01$h1713 979 $aCHIARA$b90$c20081014$lUSA01$h1032 979 $aRSIAV5$b90$c20091211$lUSA01$h1527 979 $aRSIAV5$b90$c20091214$lUSA01$h0904 996 $aDiritto alla protezione civile$9895806 997 $aUNISA LEADER 01128cam0-22003971i-450 001 990007738830403321 005 20220120165311.0 010 $a88-14-03894-5 035 $a000773883 035 $aFED01000773883 035 $a(Aleph)000773883FED01 035 $a000773883 100 $a20021010d1992----km-y0itay50------ba 101 0 $aita 102 $aIT 105 $ay-------001yy 200 1 $aTitoli rappresentativi e circolazione delle merci$fMatteo Rescigno 210 $aMilano$cGiuffrè$d1992 215 $a238 p.$d25 cm 225 1 $a<>diritto della banca e della borsa$v18 610 0 $aMerci$aTitoli rappresentativi 676 $a343.450968$v20$zita 700 1$aRescigno,$bMatteo$0115918 801 0$aIT$bUNINA$gRICA$2UNIMARC 901 $aBK 912 $a990007738830403321 952 $a29-C-53$b5800$fDDCP 952 $aA-V-A-53$b3012 DIP.$fDDRC 952 $aDPR 21b - 170$b11510$fDEC 959 $a29-B-164$b5008$fDDCP 959 $aDDCP 959 $aDDRC 959 $aDEC 996 $aTitoli rappresentativi e circolazione delle merci$9574497 997 $aUNINA DB $aGEN01